000
00350nam a2200133Ia 4500
008
100328s9999 xx 000 0 und d
082
_b
4255
100
_a
वरेरकर भार्गवराम विठ्ठल
245
_a
भैरवी
260
_b
---
630
_a
भैरवी
730
_a
भैरवी
942
_c
BOOK
999
_c
500329
_d
500326